[Event "15. Obert Int. Sant Marti 2013"]
[Site "Barcelona ESP"]
[Date "2013.07.21"]
[Round "9.11"]
[White "Satyapragyan, Swayangsu"]
[Black "Sequera Paolini, Jose"]
[Result "0-1"]
[WhiteElo "2464"]
[BlackElo "2394"]
[PlyCount "146"]
[EventDate "2013.07.13"]
[EventType "swiss"]
[EventRounds "9"]
[EventCountry "ESP"]
[SourceTitle "Ajedrez en Madrid"]
[Source "lmi"]
[SourceDate "2013.07.13"]
[SourceVersion "1"]
[SourceVersionDate "2019.06.21"]
[SourceQuality "1"]

1. e4 c5 2. Nf3 e6 3. d4 cxd4 4. Nxd4 Nf6 5. Nc3 Nc6 6. a3 a6 7. Nxc6 dxc6 8.
Qxd8+ Kxd8 9. Bg5 e5 10. O-O-O+ Ke8 11. Bc4 Be7 12. f3 b5 13. Ba2 a5 14. a4 b4
15. Nb1 Nd7 16. Be3 Nc5 17. Bxc5 Bxc5 18. Nd2 Ke7 19. Bc4 h5 20. Nb3 Be3+ 21.
Kb1 Rh6 22. Rd3 Bb6 23. Rhd1 Ra7 24. c3 Rg6 25. R3d2 h4 26. Nc1 bxc3 27. bxc3
Be3 28. Re2 Bf4 29. Rh1 Rd6 30. Kc2 Rad7 31. Nd3 g5 32. Nxf4 gxf4 33. g3 fxg3
34. hxg3 hxg3 35. Rg1 Rg6 36. Reg2 Rdd6 37. Rxg3 Rxg3 38. Rxg3 Rg6 39. Rxg6
fxg6 40. Kd3 Kd6 41. Bf7 g5 42. Ke3 Ba6 43. Kf2 Kc5 44. Kg3 Bc4 45. Bxc4 Kxc4
46. Kg4 Kxc3 47. Kxg5 c5 48. f4 Kd4 49. f5 c4 50. f6 c3 51. f7 c2 52. f8=Q
c1=Q+ 53. Kg6 Qg1+ 54. Kh5 Qh2+ 55. Kg5 Qg3+ 56. Kh5 Qh3+ 57. Kg5 Qg2+ 58. Kh5
Qxe4 59. Qf2+ Qe3 60. Qb2+ Qc3 61. Qb6+ Kd3 62. Qb5+ Kc2 63. Kg4 e4 64. Kf4
Qf3+ 65. Kg5 e3 66. Qc5+ Kd1 67. Qc3 Qd5+ 68. Kf4 e2 69. Qa1+ Kc2 70. Kg3 Qd1
71. Qa2+ Kc3 72. Qa3+ Kc4 73. Qa2+ Qb3+ 0-1

[Event "15. Obert Int. Sant Marti 2013"]
[Site "Barcelona ESP"]
[Date "2013.07.21"]
[Round "9.12"]
[White "Panelo, Marcelo"]
[Black "Gullaksen, Eirik"]
[Result "1-0"]
[WhiteElo "2428"]
[BlackElo "2380"]
[PlyCount "73"]
[EventDate "2013.07.13"]
[EventType "swiss"]
[EventRounds "9"]
[EventCountry "ESP"]
[SourceTitle "Ajedrez en Madrid"]
[Source "lmi"]
[SourceDate "2013.07.13"]
[SourceVersion "1"]
[SourceVersionDate "2019.06.21"]
[SourceQuality "1"]

1. d4 Nf6 2. c4 g6 3. Nc3 Bg7 4. e4 O-O 5. f3 d6 6. Nge2 a6 7. Be3 Nc6 8. Qd2
Rb8 9. Nc1 e5 10. d5 Nd4 11. Nb3 Nxb3 12. axb3 c5 13. g4 h5 14. h3 Bd7 15. Rg1
Kh7 16. Bg5 Qb6 17. Ra3 Rh8 18. Qf2 Kg8 19. Be2 Re8 20. Kd1 Kf8 21. Kc2 Qc7 22.
Raa1 Qb8 23. Raf1 Nh7 24. f4 hxg4 25. Bh4 exf4 26. Qxf4 f6 27. Bxg4 Qc7 28.
Bxd7 Qxd7 29. Rxg6 Re5 30. Bxf6 Nxf6 31. Rxf6+ Ke8 32. Rxd6 Qxd6 33. Qf7+ Kd8
34. Qxg7 Rxh3 35. Rf8+ Re8 36. Qg5+ Qe7 37. Rxe8+ 1-0

[Event "15. Obert Int. Sant Marti 2013"]
[Site "Barcelona ESP"]
[Date "2013.07.21"]
[Round "9.13"]
[White "Khaetsky, Roman"]
[Black "Silva, Luis Neves Da"]
[Result "1/2-1/2"]
[WhiteElo "2424"]
[BlackElo "2218"]
[PlyCount "55"]
[EventDate "2013.07.13"]
[EventType "swiss"]
[EventRounds "9"]
[EventCountry "ESP"]
[SourceTitle "Ajedrez en Madrid"]
[Source "lmi"]
[SourceDate "2013.07.13"]
[SourceVersion "1"]
[SourceVersionDate "2019.06.21"]
[SourceQuality "1"]

1. e4 c5 2. c3 Nf6 3. e5 Nd5 4. d4 cxd4 5. Nf3 e6 6. cxd4 d6 7. a3 Bd7 8. Bd3
Bc6 9. O-O Nd7 10. Nbd2 dxe5 11. Nxe5 Nxe5 12. dxe5 Ne3 13. fxe3 Qxd3 14. Nf3
Qxd1 15. Rxd1 Bxf3 16. gxf3 Rd8 17. Rxd8+ Kxd8 18. Kf2 Be7 19. Bd2 Kd7 20. Bc3
Rc8 21. Ke2 Rc4 22. f4 g6 23. Kd3 Rc8 24. Bd4 a6 25. Rd1 Rc6 26. a4 Bb4 27. e4
Ke8 28. Be3 1/2-1/2

[Event "15. Obert Int. Sant Marti 2013"]
[Site "Barcelona ESP"]
[Date "2013.07.21"]
[Round "9.14"]
[White "Haug, Johannes"]
[Black "Aloma Vidal, Robert"]
[Result "0-1"]
[WhiteElo "2042"]
[BlackElo "2421"]
[PlyCount "136"]
[EventDate "2013.07.13"]
[EventType "swiss"]
[EventRounds "9"]
[EventCountry "ESP"]
[SourceTitle "Ajedrez en Madrid"]
[Source "lmi"]
[SourceDate "2013.07.13"]
[SourceVersion "1"]
[SourceVersionDate "2019.06.21"]
[SourceQuality "1"]

1. e4 c5 2. c3 d5 3. exd5 Qxd5 4. d4 Nc6 5. Nf3 Bg4 6. Be2 cxd4 7. cxd4 e6 8.
h3 Bh5 9. O-O Nf6 10. Nc3 Qa5 11. Be3 Bd6 12. a3 O-O 13. b4 Qd8 14. Qb3 Rc8 15.
Rfd1 Ne7 16. Bg5 Nfd5 17. Nxd5 exd5 18. Rac1 Rxc1 19. Rxc1 f6 20. Be3 Bb8 21.
Qc3 Qd6 22. g3 Qe6 23. Kg2 Bg6 24. Qd2 Nf5 25. g4 Nxe3+ 26. Qxe3 Be4 27. Kf1 f5
28. Ng5 Qf6 29. Rc5 fxg4 30. Nxe4 dxe4 31. Bxg4 g6 32. Rc8 Rxc8 33. Bxc8 Qa6+
34. Kg2 Qc6 35. Bg4 Kg7 36. Be2 Bd6 37. f3 exf3+ 38. Qxf3 Qc7 39. Qe4 b6 40.
Qf3 Qe7 41. Bd3 Qg5+ 42. Qg4 Qd2+ 43. Qe2 Qf4 44. Qg4 Qh2+ 45. Kf3 Qh1+ 46. Ke3
Qc1+ 47. Ke4 Bh2 48. Qe2 Qc6+ 49. d5 Qf6 50. Qb2 Kg8 51. Bc4 Qf4+ 52. Kd3 Qf3+
53. Kc2 Bd6 54. Qc3 Qf5+ 55. Qd3 Qf2+ 56. Qe2 Qf5+ 57. Qd3 Qf4 58. Qf1 Qh2+ 59.
Kb3 a5 60. bxa5 bxa5 61. Qf3 Qg1 62. Qe2 Qc5 63. Qa2 Qe3+ 64. Ka4 Qxh3 65. Kxa5
Qe3 66. Qb2 Qa7+ 67. Ba6 Bc7+ 68. Kb5 Qb6+ 0-1

[Event "15. Obert Int. Sant Marti 2013"]
[Site "Barcelona ESP"]
[Date "2013.07.21"]
[Round "9.15"]
[White "Valsecchi, Alessio"]
[Black "Christiansen, Johan-Sebastian"]
[Result "1-0"]
[WhiteElo "2412"]
[BlackElo "2155"]
[PlyCount "69"]
[EventDate "2013.07.13"]
[EventType "swiss"]
[EventRounds "9"]
[EventCountry "ESP"]
[SourceTitle "Ajedrez en Madrid"]
[Source "lmi"]
[SourceDate "2013.07.13"]
[SourceVersion "1"]
[SourceVersionDate "2019.06.21"]
[SourceQuality "1"]

1. e4 c5 2. Nc3 Nc6 3. Nf3 g6 4. d4 cxd4 5. Nxd4 Bg7 6. Be3 d6 7. Bc4 Bd7 8.
Bb3 Nf6 9. f3 O-O 10. Qd2 Rc8 11. O-O-O Nxd4 12. Bxd4 b5 13. h4 a5 14. Bxf6
Bxf6 15. h5 Re8 16. hxg6 hxg6 17. Bxf7+ Kxf7 18. Rh7+ Bg7 19. Rdh1 Rh8 20. Qf4+
Kg8 21. Rxh8+ Bxh8 22. Nd5 Qf8 23. Qg5 Re8 24. Rh6 Bg7 25. Qxg6 Qf7 26. Rh8+
Kxh8 27. Qxf7 Bh6+ 28. Kd1 Rg8 29. Nxe7 Rg7 30. Ng6+ Kh7 31. Nf8+ Kh8 32. Qh5
Be8 33. Qxh6+ Kg8 34. Ne6 Rg6 35. Qf8+ 1-0

[Event "15. Obert Int. Sant Marti 2013"]
[Site "Barcelona ESP"]
[Date "2013.07.21"]
[Round "9.16"]
[White "Garcia Blanco, Omar"]
[Black "Sanchez Ibern, Marc"]
[Result "1-0"]
[WhiteElo "2253"]
[BlackElo "2408"]
[PlyCount "79"]
[EventDate "2013.07.13"]
[EventType "swiss"]
[EventRounds "9"]
[EventCountry "ESP"]
[SourceTitle "Ajedrez en Madrid"]
[Source "lmi"]
[SourceDate "2013.07.13"]
[SourceVersion "1"]
[SourceVersionDate "2019.06.21"]
[SourceQuality "1"]

1. e4 e6 2. d4 d5 3. Nd2 Nf6 4. e5 Nfd7 5. Bd3 c5 6. c3 b6 7. Ne2 Ba6 8. Bxa6
Nxa6 9. O-O Nc7 10. f4 f5 11. exf6 Nxf6 12. Nf3 Bd6 13. Ng3 O-O 14. Qd3 c4 15.
Qc2 b5 16. a3 a5 17. Bd2 Rb8 18. Ne5 Bxe5 19. fxe5 Nd7 20. Rxf8+ Nxf8 21. Rf1
Na6 22. Qd1 Qe8 23. Nh5 Qg6 24. Rf3 Rb7 25. Rg3 Qf5 26. Nf6+ Kh8 27. Rf3 Qg6
28. Nxd5 Rf7 29. Nf4 Qe4 30. Nxe6 Rxf3 31. Ng5 Qg6 32. Qxf3 Nd7 33. Qd5 Qb1+
34. Kf2 Qf5+ 35. Nf3 Nc7 36. Qc6 Ne8 37. Qa8 Qf7 38. Qxa5 h6 39. Qxb5 Nc7 40.
Qc6 1-0

[Event "15. Obert Int. Sant Marti 2013"]
[Site "Barcelona ESP"]
[Date "2013.07.21"]
[Round "9.17"]
[White "Fernandez Romero, Ernesto"]
[Black "Capellades Subirana, Marc"]
[Result "1-0"]
[WhiteElo "2480"]
[BlackElo "2260"]
[PlyCount "139"]
[EventDate "2013.07.13"]
[EventType "swiss"]
[EventRounds "9"]
[EventCountry "ESP"]
[SourceTitle "Ajedrez en Madrid"]
[Source "lmi"]
[SourceDate "2013.07.13"]
[SourceVersion "1"]
[SourceVersionDate "2019.06.21"]
[SourceQuality "1"]

1. e4 e5 2. Nf3 Nc6 3. Bb5 a6 4. Bxc6 dxc6 5. O-O Bg4 6. h3 h5 7. d3 Qf6 8.
Nbd2 Ne7 9. Re1 Ng6 10. d4 Bd6 11. hxg4 hxg4 12. Nh2 Rxh2 13. Qxg4 Rh4 14. Qf5
Rf4 15. Qxf6 Rxf6 16. Nf3 Re6 17. dxe5 Nxe5 18. Nxe5 Bxe5 19. c3 O-O-O 20. Be3
Bf6 21. f3 Bh4 22. Bf2 Bxf2+ 23. Kxf2 Red6 24. Re2 Kd7 25. Rh1 Ke7 26. Rh7 Kf8
27. e5 Rd1 28. Rh8+ Ke7 29. Rxd8 Kxd8 30. Ke3 Ke7 31. f4 Ke6 32. Kf3 g5 33.
fxg5 Kf5 34. g6 fxg6 35. g4+ Kg5 36. e6 Rd8 37. e7 Re8 38. Re6 Kh6 39. Kf4 Kg7
40. Kg5 Kf7 41. Re5 Kg7 42. c4 c5 43. b3 b6 44. Re6 Kf7 45. Rxg6 Rxe7 46. Rc6
Kg7 47. Kf5 Rf7+ 48. Ke5 a5 49. g5 Rd7 50. Kf5 Rf7+ 51. Rf6 Rd7 52. Re6 Rf7+
53. Ke5 Rd7 54. Kf5 Rf7+ 55. Rf6 Rd7 56. Rg6+ Kf7 57. Rc6 Kg7 58. g6 a4 59.
bxa4 Rd4 60. Rxc7+ Kg8 61. a5 bxa5 62. Rxc5 a4 63. Rc8+ Kg7 64. Rc7+ Kg8 65. c5
Rd2 66. c6 Rxa2 67. Ra7 Rc2 68. c7 a3 69. Ra8+ Kg7 70. c8=Q 1-0

[Event "15. Obert Int. Sant Marti 2013"]
[Site "Barcelona ESP"]
[Date "2013.07.21"]
[Round "9.18"]
[White "Enchev, Ivajlo"]
[Black "Guttulsrud, Odd Martin"]
[Result "1-0"]
[WhiteElo "2448"]
[BlackElo "2212"]
[PlyCount "127"]
[EventDate "2013.07.13"]
[EventType "swiss"]
[EventRounds "9"]
[EventCountry "ESP"]
[SourceTitle "Ajedrez en Madrid"]
[Source "lmi"]
[SourceDate "2013.07.13"]
[SourceVersion "1"]
[SourceVersionDate "2019.06.21"]
[SourceQuality "1"]

1. d4 Nf6 2. Nf3 g6 3. c4 Bg7 4. Bf4 O-O 5. Nc3 d6 6. h3 c5 7. d5 Re8 8. e3 Qa5
9. Qd2 a6 10. Be2 e5 11. dxe6 Bxe6 12. O-O Nc6 13. Ng5 Rad8 14. Nxe6 fxe6 15.
Rfd1 Rd7 16. Bf3 Red8 17. Bg5 Ne5 18. Be2 Qb4 19. Qc2 Re8 20. a3 Qb6 21. f4 Nc6
22. Rd2 Ne7 23. Rad1 Red8 24. Bf3 Qc7 25. Ne4 Kf7 26. Bh4 Nxe4 27. Bxe4 b5 28.
b3 bxc4 29. bxc4 Qa5 30. Rd3 Bf6 31. Be1 Qc7 32. Qa4 a5 33. Qxa5 Qb8 34. Qd2 d5
35. cxd5 Nxd5 36. Qa2 Qb2 37. Qc4 Be7 38. Qc1 Qxc1 39. Rxc1 Nxf4 40. Rxd7 Ne2+
41. Kf1 Nxc1 42. Rxe7+ Kxe7 43. Bh4+ Kd7 44. Bxd8 Kxd8 45. Bc2 Na2 46. Bb3 Nc3
47. Bxe6 Kc7 48. Bg8 h6 49. Bf7 g5 50. Kf2 Nb1 51. a4 Nc3 52. a5 Ne4+ 53. Kf3
Nf6 54. Bc4 Kd6 55. Ke2 Nd7 56. Kd3 Ne5+ 57. Kc3 Kc6 58. Be2 Kb7 59. Kb3 Kc6
60. Ka4 Kd5 61. a6 Kc6 62. a7 Kb7 63. Kb5 Kxa7 64. Kxc5 1-0

[Event "15. Obert Int. Sant Marti 2013"]
[Site "Barcelona ESP"]
[Date "2013.07.21"]
[Round "9.19"]
[White "Minko, Vladimir"]
[Black "Valdes Romero, Leonardo"]
[Result "0-1"]
[WhiteElo "2312"]
[BlackElo "2444"]
[PlyCount "74"]
[EventDate "2013.07.13"]
[EventType "swiss"]
[EventRounds "9"]
[EventCountry "ESP"]
[SourceTitle "Ajedrez en Madrid"]
[Source "lmi"]
[SourceDate "2013.07.13"]
[SourceVersion "1"]
[SourceVersionDate "2019.06.21"]
[SourceQuality "1"]

1. d4 d6 2. Nf3 Nf6 3. c4 Nbd7 4. g3 e5 5. Bg2 Be7 6. Nc3 O-O 7. O-O c6 8. e4
a6 9. Qe2 Re8 10. h3 Bf8 11. Be3 b5 12. a3 Bb7 13. Rfd1 Qb8 14. Rac1 exd4 15.
Nxd4 bxc4 16. Qxc4 c5 17. Nf5 a5 18. Qb5 Ra6 19. Nd5 Nxd5 20. exd5 Bc8 21. Qe2
g6 22. Nh4 Rb6 23. Qd2 a4 24. Qc2 Rxb2 25. Qxa4 Nf6 26. Re1 Bd7 27. Qc4 Bg7 28.
Bf4 Bb5 29. Qc3 Nxd5 30. Qf3 Nxf4 31. Qxf4 Be5 32. Qh6 Bg7 33. Qg5 Rxf2 34.
Kxf2 Bd4+ 35. Kf3 Bc6+ 36. Kf4 d5+ 37. Kf3 Qb3+ 0-1

[Event "15. Obert Int. Sant Marti 2013"]
[Site "Barcelona ESP"]
[Date "2013.07.21"]
[Round "9.20"]
[White "Gallego Alcaraz, Andres Felipe"]
[Black "Ramirez Garcia, Jorge Alberto"]
[Result "1-0"]
[WhiteElo "2414"]
[BlackElo "2303"]
[PlyCount "49"]
[EventDate "2013.07.13"]
[EventType "swiss"]
[EventRounds "9"]
[EventCountry "ESP"]
[SourceTitle "Ajedrez en Madrid"]
[Source "lmi"]
[SourceDate "2013.07.13"]
[SourceVersion "1"]
[SourceVersionDate "2019.06.21"]
[SourceQuality "1"]

1. d4 e6 2. Nf3 d5 3. c4 Nf6 4. Nc3 Bb4 5. cxd5 exd5 6. Bg5 Nbd7 7. e3 c5 8.
dxc5 Qa5 9. Rc1 O-O 10. a3 Bxc3+ 11. Rxc3 Ne4 12. b4 Nxc3 13. Qa1 Qa4 14. Qxc3
a5 15. b5 Re8 16. Be2 h6 17. Bf4 Nf6 18. Nd4 Bd7 19. f3 g5 20. Bd6 Rec8 21. h4
Ne8 22. Bg3 g4 23. Kf2 Ng7 24. Rc1 Bf5 25. Qb2 1-0

[Event "15. Obert Int. Sant Marti 2013"]
[Site "Barcelona ESP"]
[Date "2013.07.21"]
[Round "9.21"]
[White "Perpinya Rofes, Lluis Maria"]
[Black "Jaramillo Ochoa, Mateo"]
[Result "1-0"]
[WhiteElo "2400"]
[BlackElo "2074"]
[PlyCount "61"]
[EventDate "2013.07.13"]
[EventType "swiss"]
[EventRounds "9"]
[EventCountry "ESP"]
[SourceTitle "Ajedrez en Madrid"]
[Source "lmi"]
[SourceDate "2013.07.13"]
[SourceVersion "1"]
[SourceVersionDate "2019.06.21"]
[SourceQuality "1"]

1. e4 e5 2. Nf3 Nc6 3. Bb5 Nf6 4. Qe2 Bc5 5. c3 O-O 6. d3 Re8 7. h3 h6 8. Ba4
a6 9. g4 d5 10. g5 hxg5 11. Bxg5 Be7 12. Nbd2 Nh5 13. Bxe7 Rxe7 14. O-O-O Nf4
15. Qe3 b5 16. Bb3 Na5 17. Nxe5 Nxb3+ 18. Nxb3 Rxe5 19. Qxf4 Qd6 20. f3 c5 21.
Nxc5 d4 22. Nb3 dxc3 23. bxc3 Qa3+ 24. Kb1 Re7 25. Rhg1 Be6 26. Rxg7+ Kxg7 27.
Rg1+ Kf8 28. Qh6+ Ke8 29. Rg8+ Kd7 30. Rxa8 Re8 31. Rxa6 1-0

[Event "15. Obert Int. Sant Marti 2013"]
[Site "Barcelona ESP"]
[Date "2013.07.21"]
[Round "9.22"]
[White "Lovik, Lasse Ostebo"]
[Black "Eggleston, David J"]
[Result "1/2-1/2"]
[WhiteElo "2311"]
[BlackElo "2363"]
[PlyCount "81"]
[EventDate "2013.07.13"]
[EventType "swiss"]
[EventRounds "9"]
[EventCountry "ESP"]
[SourceTitle "Ajedrez en Madrid"]
[Source "lmi"]
[SourceDate "2013.07.13"]
[SourceVersion "1"]
[SourceVersionDate "2019.06.21"]
[SourceQuality "1"]

1. d4 Nf6 2. c4 b6 3. Nc3 Bb7 4. Nf3 e6 5. g3 Be7 6. Bg2 O-O 7. O-O Na6 8. b3
d5 9. Ne5 c5 10. Bb2 Nc7 11. Rc1 Rb8 12. cxd5 exd5 13. dxc5 bxc5 14. Na4 Ne6
15. Qd2 Re8 16. Rfd1 Bf8 17. Nd3 d4 18. Bxb7 Rxb7 19. Ba3 c4 20. Bxf8 cxd3 21.
Ba3 dxe2 22. Qxe2 Ng5 23. Qc4 Qd7 24. Qc6 Qxc6 25. Rxc6 h6 26. h4 Nf3+ 27. Kg2
Ng4 28. Rd6 Ne1+ 29. Kf1 Nh2+ 30. Kg1 Nhf3+ 31. Kf1 Rc7 32. Bc5 d3 33. b4 d2
34. Be3 Nc2 35. Bxd2 Nxd2+ 36. R1xd2 Nxb4 37. Kg2 Rc1 38. Nb2 Nc2 39. Nd3 Ne1+
40. Nxe1 Rcxe1 41. Rd1 1/2-1/2

[Event "15. Obert Int. Sant Marti 2013"]
[Site "Barcelona ESP"]
[Date "2013.07.21"]
[Round "9.23"]
[White "Alvarado Diaz, Alejandro"]
[Black "Dukaczewski, Piotr"]
[Result "1-0"]
[WhiteElo "2313"]
[BlackElo "2226"]
[PlyCount "101"]
[EventDate "2013.07.13"]
[EventType "swiss"]
[EventRounds "9"]
[EventCountry "ESP"]
[SourceTitle "Ajedrez en Madrid"]
[Source "lmi"]
[SourceDate "2013.07.13"]
[SourceVersion "1"]
[SourceVersionDate "2019.06.21"]
[SourceQuality "1"]

1. g3 d5 2. Bg2 Nf6 3. Nf3 c6 4. O-O Bf5 5. b3 e6 6. Bb2 Be7 7. c4 O-O 8. d3 h6
9. Nbd2 a5 10. a3 Na6 11. Rc1 Bh7 12. Rc2 Nd7 13. Qa1 Bf6 14. Bxf6 Qxf6 15.
Qxf6 Nxf6 16. Rb2 Nd7 17. Bh3 Rfd8 18. b4 axb4 19. axb4 Nc7 20. Rc1 Kf8 21.
cxd5 Nxd5 22. Nc4 Ke7 23. Nd4 Ra4 24. Na5 c5 25. Ndc6+ bxc6 26. Nxc6+ Ke8 27.
Nxd8 Kxd8 28. bxc5 Kc7 29. Bg2 f6 30. Bxd5 exd5 31. c6 Nb6 32. Rxb6 Kxb6 33. c7
Bf5 34. c8=Q Bxc8 35. Rxc8 d4 36. Kg2 Ra7 37. Rc4 Rd7 38. h4 h5 39. Kf3 g5 40.
Rc8 gxh4 41. gxh4 Rd5 42. Kf4 Re5 43. e3 dxe3 44. fxe3 Rd5 45. d4 Kb7 46. Rf8
Rd6 47. Kf5 Rd5+ 48. Kxf6 Ra5 49. e4 Kc7 50. d5 Kd7 51. Ke5 1-0

[Event "15. Obert Int. Sant Marti 2013"]
[Site "Barcelona ESP"]
[Date "2013.07.21"]
[Round "9.24"]
[White "Larsen, Karsten"]
[Black "Getz, Nicolai"]
[Result "0-1"]
[WhiteElo "2270"]
[BlackElo "2353"]
[PlyCount "100"]
[EventDate "2013.07.13"]
[EventType "swiss"]
[EventRounds "9"]
[EventCountry "ESP"]
[SourceTitle "Ajedrez en Madrid"]
[Source "lmi"]
[SourceDate "2013.07.13"]
[SourceVersion "1"]
[SourceVersionDate "2019.06.21"]
[SourceQuality "1"]

1. e4 e5 2. Nf3 Nc6 3. Bc4 Bc5 4. d3 Nf6 5. Nc3 a6 6. Bg5 h6 7. Be3 Bb4 8. O-O
Bxc3 9. bxc3 O-O 10. Qd2 d5 11. exd5 Nxd5 12. Bxd5 Qxd5 13. c4 Qd6 14. Qc3 f5
15. Bc1 e4 16. Ba3 Qf6 17. Qxf6 Rxf6 18. Nd2 exd3 19. cxd3 b6 20. Nf3 Bb7 21.
Rfe1 Rd8 22. Rad1 Rg6 23. g3 b5 24. Bc5 Rf6 25. cxb5 axb5 26. d4 Rd5 27. Re8+
Kh7 28. Rde1 Rd8 29. R8e6 Rxe6 30. Rxe6 Ra8 31. a3 Nd8 32. Re3 Bd5 33. Nh4 Ne6
34. f4 Be4 35. Nf3 Rd8 36. Ne5 Nxd4 37. Bxd4 Rxd4 38. Rc3 Rd2 39. Rxc7 Rg2+ 40.
Kf1 Rxh2 41. Rc3 h5 42. Rb3 h4 43. gxh4 Rxh4 44. Rxb5 Rxf4+ 45. Ke2 g5 46. Ke3
Rf1 47. a4 Ra1 48. a5 Ra3+ 49. Kd4 g4 50. Nd7 Rd3+ 0-1

[Event "15. Obert Int. Sant Marti 2013"]
[Site "Barcelona ESP"]
[Date "2013.07.21"]
[Round "9.25"]
[White "Arvola, Benjamin"]
[Black "Blandon, Luis Guillermo"]
[Result "1-0"]
[WhiteElo "2347"]
[BlackElo "1993"]
[PlyCount "215"]
[EventDate "2013.07.13"]
[EventType "swiss"]
[EventRounds "9"]
[EventCountry "ESP"]
[SourceTitle "Ajedrez en Madrid"]
[Source "lmi"]
[SourceDate "2013.07.13"]
[SourceVersion "1"]
[SourceVersionDate "2019.06.21"]
[SourceQuality "1"]

1. e4 c5 2. Nf3 d6 3. d4 cxd4 4. Nxd4 Nf6 5. Nc3 g6 6. Be3 Bg7 7. f3 O-O 8. Qd2
Nc6 9. O-O-O d5 10. Kb1 Nxd4 11. e5 Nf5 12. exf6 Bxf6 13. Nxd5 Qxd5 14. Qxd5
Nxe3 15. Qd3 Nxd1 16. Qxd1 Bf5 17. Bc4 b5 18. Bb3 a5 19. g4 Rfd8 20. Qe2 Bd7
21. a3 Bc6 22. Rd1 e6 23. Rxd8+ Rxd8 24. c3 Rd7 25. Bc2 Rd6 26. Be4 Be8 27. Bd3
Rb6 28. Qe3 Rd6 29. g5 Bxg5 30. Qxg5 Rxd3 31. Qe7 Bc6 32. Qc5 Bd7 33. h4 a4 34.
Kc2 Rd5 35. Qc7 e5 36. Qb7 Be6 37. Qe7 Kg7 38. Qc7 Kh6 39. Qe7 Kg7 40. c4 Rd7
41. Qc5 Bxc4 42. Qxe5+ f6 43. Qe3 Rc7 44. Kc3 Rd7 45. Kb4 Kf7 46. Kc5 Re7 47.
Qf4 Re5+ 48. Kb6 Re6+ 49. Ka5 Re7 50. Qh6 Ke6 51. Qe3+ Kd6 52. Qf4+ Ke6 53. h5
gxh5 54. Qe4+ Kd6 55. Qf5 Rf7 56. Kb6 h4 57. Qf4+ Kd5 58. Qxh4 f5 59. Qh6 Ke5
60. Qe3+ Kf6 61. Kc6 Re7 62. Qh6+ Kf7 63. Qxh7+ Kf6 64. Qh4+ Ke6 65. f4 Rf7 66.
Qg5 Rf6 67. Qg7 Bd5+ 68. Kxb5 Bb3 69. Kc5 Rf7 70. Qg6+ Ke7 71. Qd6+ Ke8 72. Kc6
Re7 73. Qg6+ Rf7 74. Kd6 Kf8 75. Qh6+ Kg8 76. Ke5 Bc2 77. Qg6+ Kf8 78. Qh6+ Kg8
79. Qc6 Bb3 80. Qd6 Kg7 81. Kd4 Rf6 82. Qe7+ Kg6 83. Ke5 Rf7 84. Qg5+ Kh7 85.
Kd4 Bc2 86. Ke3 Bb3 87. Qh5+ Kg7 88. Kf2 Kf6 89. Qg5+ Ke6 90. Ke3 Kd5 91. Qg6
Kc5 92. Kd3 Rd7+ 93. Kc3 Rf7 94. Qa6 Kd5 95. Kd3 Kc5 96. Qa5+ Kc6 97. Kd4 Rd7+
98. Ke3 Rf7 99. Qe5 Kb6 100. Qd6+ Kb7 101. Kf2 Ka7 102. Kg3 Kb7 103. Kh4 Ka7
104. Kg5 Kb7 105. Kg6 Ka7 106. Qd4+ Ka8 107. Qb6 Rb7 108. Qa5+ 1-0

[Event "15. Obert Int. Sant Marti 2013"]
[Site "Barcelona ESP"]
[Date "2013.07.21"]
[Round "9.28"]
[White "Dalo, Hermes"]
[Black "Vehi Bach, Victor Manuel"]
[Result "1/2-1/2"]
[WhiteElo "2148"]
[BlackElo "2308"]
[PlyCount "64"]
[EventDate "2013.07.13"]
[EventType "swiss"]
[EventRounds "9"]
[EventCountry "ESP"]
[SourceTitle "Ajedrez en Madrid"]
[Source "lmi"]
[SourceDate "2013.07.13"]
[SourceVersion "1"]
[SourceVersionDate "2019.06.21"]
[SourceQuality "1"]

1. d4 Nf6 2. c4 e6 3. Nc3 Bb4 4. Qc2 O-O 5. e4 d5 6. e5 Ne4 7. Bd3 c5 8. Nf3
cxd4 9. Nxd4 Nd7 10. Bf4 Ndc5 11. O-O Bxc3 12. bxc3 Bd7 13. Nb3 Ba4 14. Be3 Qc7
15. f3 Nxd3 16. Qxd3 Bxb3 17. axb3 Nc5 18. Bxc5 Qxc5+ 19. Qd4 Rfc8 20. cxd5
Qxd5 21. Qxd5 exd5 22. Rfd1 Rc5 23. c4 dxc4 24. Rxa7 Rcc8 25. Rxa8 Rxa8 26.
bxc4 g6 27. Rd7 Rc8 28. Rxb7 Rxc4 29. Rb8+ Kg7 30. Rb7 Kg8 31. Rb8+ Kg7 32. Rb7
Kg8 1/2-1/2

[Event "15. Obert Int. Sant Marti 2013"]
[Site "Barcelona ESP"]
[Date "2013.07.21"]
[Round "9.29"]
[White "Forsaa, Espen"]
[Black "Posada, Juan Manuel"]
[Result "0-1"]
[WhiteElo "2293"]
[BlackElo "2101"]
[PlyCount "90"]
[EventDate "2013.07.13"]
[EventType "swiss"]
[EventRounds "9"]
[EventCountry "ESP"]
[SourceTitle "Ajedrez en Madrid"]
[Source "lmi"]
[SourceDate "2013.07.13"]
[SourceVersion "1"]
[SourceVersionDate "2019.06.21"]
[SourceQuality "1"]

1. e4 c5 2. Nf3 d6 3. d4 cxd4 4. Nxd4 Nf6 5. Nc3 a6 6. Be3 e5 7. Nb3 Be6 8. f3
Be7 9. Qd2 h5 10. Nd5 Bxd5 11. exd5 Nbd7 12. Na5 Qc7 13. c4 e4 14. Be2 Ne5 15.
f4 Neg4 16. Bd4 Bd8 17. b4 Qe7 18. Nb3 e3 19. Qc2 Ne4 20. Bxg4 hxg4 21. O-O-O
O-O 22. Rhe1 f5 23. Rxe3 Qd7 24. Nd2 Nf6 25. Kb1 b5 26. Re6 bxc4 27. Bxf6 Bxf6
28. Nxc4 Rfb8 29. a3 a5 30. Rxd6 Qc7 31. Rc6 Qxf4 32. Nxa5 Rxa5 33. Rc8+ Kf7
34. Rxb8 Qxb8 35. Qb3 Ra8 36. d6+ Kg6 37. h3 Qe8 38. hxg4 Qe4+ 39. Qd3 Rxa3 40.
gxf5+ Qxf5 41. Qxf5+ Kxf5 42. d7 Ra1+ 43. Kc2 Rxd1 44. Kxd1 Ke6 45. Ke2 Kxd7
0-1

[Event "15. Obert Int. Sant Marti 2013"]
[Site "Barcelona ESP"]
[Date "2013.07.21"]
[Round "9.31"]
[White "Guerrero Sierra, Juan Carlos"]
[Black "Manelidou, Maria"]
[Result "1-0"]
[WhiteElo "2227"]
[BlackElo "2030"]
[PlyCount "101"]
[EventDate "2013.07.13"]
[EventType "swiss"]
[EventRounds "9"]
[EventCountry "ESP"]
[SourceTitle "Ajedrez en Madrid"]
[Source "lmi"]
[SourceDate "2013.07.13"]
[SourceVersion "1"]
[SourceVersionDate "2019.06.21"]
[SourceQuality "1"]

1. e4 e5 2. Nf3 Nc6 3. d4 exd4 4. Nxd4 Bb4+ 5. c3 Bc5 6. Nb3 Bb6 7. c4 d6 8.
Nc3 Qf6 9. Qe2 Nge7 10. Be3 Be6 11. Bxb6 axb6 12. Nd5 Bxd5 13. cxd5 Nd4 14. Qd3
Nxb3 15. Qxb3 O-O 16. Be2 Qg6 17. Bf3 f5 18. e5 Kh8 19. exd6 Qxd6 20. O-O Ra5
21. Rad1 Ng6 22. Rfe1 Ne5 23. a3 Rd8 24. g3 Raa8 25. Bg2 Re8 26. Qc2 Re7 27.
Qxf5 Rae8 28. Re3 g6 29. Qc2 Ng4 30. Qc3+ Kg8 31. Rxe7 Rxe7 32. Bh3 Nf6 33. Qd4
Re4 34. Qd3 Qe5 35. b4 Re1+ 36. Rxe1 Qxe1+ 37. Kg2 Qe4+ 38. Qf3 Kf8 39. Bc8
Qxd5 40. Bxb7 Qxf3+ 41. Kxf3 Ke7 42. Kf4 Ne8 43. Ke5 Nd6 44. Bd5 b5 45. f4 Kd7
46. g4 Ke7 47. h4 Ne8 48. Bc6 Nd6 49. Kd5 Nc4 50. Bxb5 Nxa3 51. Bd3 1-0